000 00827nam a22002657a 4500
001 BR8904924
003 BR-BrBNA
005 20230928093320.0
007 ta
008 230509b bl.||||| |||| 00| 0 por d
040 _aBR-BrBNA
_bpor
_cBiblioteca Nacional de Agricultura
041 _a(Por)
072 _aL73
_b5212
_b4150
090 _ 5212 BR8904924
100 1 _aOliveira, V.M. de
110 1 _aUniversidade Federal de Minas Gerais, Belo Horizonte (Brasil). Escola de Veterinaria
_0Tese (Mestrado)
245 1 _aAvaliacao tecnico-economica do controle da mamite bovina
260 3 _aBelo Horizonte, MG (Brasil):
_c1989.
300 _a82 p.
500 _aBibliography p. 56-65 (64 ref.); Summary (Por); 17 tables
650 _aBOVINO
650 _aMAMITE
909 _a202309
_bLucia
_c55
_dLucia Elande
942 _cBK
999 _c44269
_d44269